Fairy Tail Characters Quiz - Statistics

General Stats
  • This quiz has been taken 15 times
  • The average score is 52 of 441
Answer Stats
Answer % Correct
Lucky
88%
Erza Scarlet
75%
Natsu Dragneel
75%
Bickslow
63%
Carla
63%
Droy
63%
Evergreen
63%
Gajeel Redfox
63%
Gray Fullbuster
63%
Happy
63%
Jet
63%
Laxus Dreyar
63%
Levy McGarden
63%
Lucy Heartfilia
63%
Macao Conbolt
63%
Makarov Dreyar
63%
Romeo Conbolt
63%
Aquarius
50%
Cana Alberona
50%
Elfman Strauss
50%
Eve Tearm
50%
Freed Justine
50%
Gildarts Clive
50%
Hibiki Lates
50%
Ivan Dreyar
50%
Juvia Lockser
50%
Kyoka
50%
Loke
50%
Mirajane Strauss
50%
Mystogan
50%
Ren Akatsuki
50%
Rogue Cheney
50%
Sting Eucliffe
50%
Wendy Marvell
50%
Acnologia
38%
Aries
38%
Brain
38%
Cancer
38%
Caprico
38%
Capricorn
38%
Gemini
38%
Irene Belserion
38%
Jellal Fernandes
38%
Kinana
38%
Libra
38%
Lisanna Strauss
38%
Mavis Vermillion
38%
Meredy
38%
Millianna
38%
Panther Lily
38%
Pisces
38%
Plue
38%
Scorpio
38%
Silver Fullbuster
38%
Simon
38%
Taurus
38%
Ultear
38%
Ur
38%
Virgo
38%
Warrod Sequen
38%
Yuri
38%
Alzack Connell
25%
Bisca Connell
25%
Brandish
25%
Coco
25%
Erik
25%
Flare Corona
25%
Frosch
25%
Grandeeney
25%
Gren
25%
Hades
25%
Igneel
25%
Jiemma Orland
25%
Kagura Mikazuchi
25%
Laki Olietta
25%
Leo
25%
Lyon Vastia
25%
Macbeth
25%
Max Alors
25%
Mest Gryder
25%
Metalicana
25%
Midnight
25%
Minerva Orland
25%
Nab Lasaro
25%
Org
25%
Porlyusica
25%
Reedus
25%
Richard
25%
Rita
25%
Rufus Lore
25%
Sagittarius
25%
Seilah
25%
Sherria Blendy
25%
Sherry Blendy
25%
Sho
25%
Sorano
25%
Touka
25%
Wakaba Mine
25%
Warren Rocko
25%
Zeref
25%
Arana Webb
13%
Aria
13%
Asuka Connell
13%
Atlas Flame
13%
Banaboster
13%
Belserion
13%
Beth Vanderwood
13%
Bob
13%
Bora
13%
Boze
13%
Byro
13%
Byro cracy
13%
Caelum
13%
Daphne
13%
Deneb
13%
Dimaria
13%
Dobengal
13%
Doranbolt
13%
Enno
13%
Erigor
13%
Franmalth
13%
Fukuro
13%
Geoffrey
13%
Goldmine
13%
Hisui E. Fiore
13%
Horologium
13%
Hughes
13%
Ichiya Vandalay Kotobuki
13%
Ignia
13%
Ikaruga
13%
Invel
13%
Jackal
13%
Jackpot
13%
Jason
13%
Jenny Realight
13%
Joey Fullborn
13%
Jose Porla
13%
Jude Heartfilia
13%
Kageyama
13%
Karen Lilica
13%
Klodoa
13%
Krov
13%
Lamy
13%
Layla Heartfilia
13%
Lector
13%
Levia
13%
Lyra
13%
Marl
13%
Mary
13%
Mattan Ginger
13%
Mika
13%
Motherglare
13%
Nadi
13%
Nichiya
13%
Nullpudding
13%
Obra
13%
Ooba Babasaama
13%
Ophiuchus
13%
Orga Nanagear
13%
Polaris
13%
Pyxis
13%
Risley Law
13%
Rob
13%
Rock Dragon
13%
Samuel
13%
Sawyer
13%
Scissor Runner
13%
Shagotte
13%
Siegrain
13%
Sol
13%
Tempester
13%
Thibault
13%
Totomaru
13%
Ultear Milkovich
13%
Vidaldus Taka
13%
Wally Buchanan
13%
Wan Chanzi
13%
Wraith
13%
Yajeel
13%
Yajima
13%
Yakdoriga
13%
Yukino Agria
13%
Yuri Dreyar
13%
Zera
13%
Zirconis
13%
Abel
0%
Aed
0%
Aegis
0%
Ajeel Raml
0%
Akane Mascot
0%
Aldoron
0%
Alok
0%
Angelica
0%
Animus
0%
Ankhseram
0%
Arcadios
0%
Archbishop
0%
Arius
0%
August
0%
Azuma
0%
Babby
0%
Bacchus Groh
0%
Bakel
0%
Bandou
0%
Belletokia
0%
Belno
0%
Bernicka Rilafille
0%
Bero
0%
Berrick
0%
Biby
0%
Bloodman
0%
Bluenote Stinger
0%
Bobo
0%
Bomb Sentense
0%
Brain II
0%
Briar
0%
Byard
0%
Cake Shop Owner
0%
Cannon
0%
Cara
0%
Celestial Spirit King
0%
Charlotte
0%
Chase
0%
Chico D Hammitt
0%
Chrisack
0%
Chronos
0%
Clap
0%
Coordinaot
0%
Cosmos
0%
Crawford Seam
0%
Cream
0%
Crux
0%
Cubellios
0%
Cyclops Monster
0%
D-6
0%
Dallas
0%
Dan Straight
0%
Dark Dragon
0%
Darton
0%
De Cybele
0%
Deliora
0%
DeZille Horae
0%
Doll
0%
Doom
0%
Doriate
0%
Draculos Hyberion
0%
Drake
0%
Dyst
0%
Eisenwald Chicken
0%
Eisenwald Twins
0%
Elbman
0%
Elefseria
0%
Elena Alteria
0%
Elkis
0%
E. N. D.
0%
Erza Knightwalker
0%
Everlue
0%
Ezel
0%
Fabrizio
0%
Faris
0%
Father Brock
0%
Faust
0%
Fingers
0%
Fortune Teller
0%
Four Heraldry Knights
0%
Ga Maille
0%
Gapri
0%
Gato
0%
Gazeel
0%
Gears
0%
Georg Reizen
0%
God Serena
0%
Gogotora
0%
Gomon
0%
Gonzales
0%
Gran Doma
0%
Grand White Priestess
0%
Gray Surge
0%
Greige
0%
Grim Reaper
0%
Guttman Kubrick
0%
Guy Aleus
0%
Hakune
0%
Hammer
0%
Heine Lunasea
0%
Hilda
0%
Hiroshi
0%
Ikusa-Tsunagi
0%
Imitatia
0%
Jacob Lessio
0%
Jeager
0%
Jean-Luc Neville
0%
Jerome
0%
Juliet Sun
0%
Jura Neekis
0%
Juvina
0%
Kaby Melon
0%
Kaby's Wife
0%
Kain Hikaru
0%
Kalard
0%
Kama
0%
Kamika
0%
Kanaloa
0%
Karacka
0%
Karameel
0%
Kareem
0%
Kashima
0%
Kawazu
0%
Kemokemo
0%
Keyes
0%
Kiria
0%
Kurohebi
0%
Kurubushi
0%
Lahar
0%
Landlady
0%
Lapointe
0%
Larcade Dragneel
0%
Laxlis
0%
Leiji
0%
Lijy
0%
Lisala
0%
Lucy Ashley
0%
Lullaby
0%
Lulu
0%
Lusha
0%
Mace Orlando
0%
Madmole
0%
Mag Drug Owner
0%
Magnolia's Mayor
0%
Mako
0%
Mard Geer Tartaros
0%
Marin Hollow
0%
Martam
0%
Mary Hughes
0%
Mejeer
0%
Mercphobia
0%
Metro
0%
Michelia
0%
Michello
0%
Mickey Chickentiger
0%
Miko
0%
Mikuni Shin
0%
Millgana Mine
0%
Mimi
0%
Minajane
0%
Mio
0%
Moka
0%
Monmo
0%
Muganto
0%
Mysdroy
0%
Nadal
0%
Naked Mummy Mage
0%
Nakku
0%
Nalshe Mikagura
0%
Nasha
0%
Natsu Dragion
0%
Nebaru
0%
Neinhart
0%
Neppa
0%
Nico
0%
Nobarly
0%
Nodding Chef
0%
Orochi Head
0%
Oshibana Town Thugs
0%
Pirate
0%
Plutogrim
0%
Precht Gaebolg
0%
Rabian
0%
Racer
0%
Rala
0%
Rayule
0%
Receptionist
0%
Red Knife
0%
Reedus Jonah
0%
Reisha Whiteday
0%
Riana
0%
Ribbon
0%
Richard Buchanan
0%
Riggy
0%
Riko Applico
0%
Robert
0%
Rocker
0%
Rocky
0%
Roubaul
0%
Rung
0%
Rustyrose
0%
Salberay
0%
Selene
0%
Semmes
0%
Serena
0%
Sharkette
0%
Sharkina
0%
Shop Owner
0%
Skiadrum
0%
Skullion Raider
0%
Snarl
0%
Sniper
0%
Sonya
0%
Spetto
0%
Sue
0%
Sugarboy
0%
Suzaku
0%
Swan
0%
Sword
0%
Toby Horhorta
0%
Tome E. Fiore
0%
Tomekko
0%
Tono Rabbits
0%
Torafuzar
0%
Uosuke
0%
Vanish Brothers
0%
Velveno
0%
Vierness
0%
Vijeeter Ecor
0%
Wakaba's Daughter
0%
Wall Eehto
0%
Warcry
0%
Water God's Messenger
0%
Weisslogia
0%
Wendelle
0%
Will Neville
0%
Wolfen
0%
Wolfheim
0%
Yagdo Rigora
0%
Yomazu
0%
Youko
0%
Yuka Suzuki
0%
Zancrow
0%
Zash
0%
Zato
0%
Zeeself
0%
Zekua Melon
0%
Zoldeo
0%
No matching quizzes found
Score Distribution
Percent of People with Each Score
Percentile by Number Answered
Your Score History
You have not taken this quiz